000 00605cam a22002052 4500
001 0000000359
005 20151217161126.0
008 070124s xx 000 0 eng d
020 _a0333966759 :
_cKES 940
040 _aKABU
_cKABU
050 0 _aPE1628
_b.M33
245 1 0 _aMacmillan English dictionary for advanced learners.
250 _aInternational Student ed.
260 _aOxford :
_bMacmillan Educ.,
_c2002.
300 _axiv, 1692 p.
650 0 _aEnglish language
_vDictionaries.
_@0000148334
908 _a070124
950 _@1
999 _c14828
_d14828